000 01786cam7a220031301 4500
001 lce00492169
008 700914s1970 dcu 001 0 eng
010 _a 78606523 //r885
020 _c3.00
035 _a(Sirsi) r96487
035 _a(DLC) 78606523 //r885
035 _a(UPRA)lce00492169
040 _dUPRA
050 0 _aZ696.U5N
_b 1970
051 _aZ663.78.C5N
_b 1970
_cCopy 3.
082 _a025.4/6/7
110 2 _bSubject Cataloging Division.
_6A3465.1
245 1 0 _aClassification :
_bClass N: fine arts.
250 _a4th ed.
260 _aWashington :
_b[For sale by the Card Division, Library of Congress],
_c1970.
500 _aFirst ed. published in 1910 by the Classification Division of the Library of Congress.
500 _aKept up to date by the Division's L.C. classification--additions and changes, and by 2 publications irregularly issued by Gale Research Company entitled: Library of Congress classification schedules--a cumulation of additions and changes, Class N and Library of Congress classification schedules combined with additions and changes.
650 0 _aClassification -- Books -- Art.
_xClassification -- Books -- Art.
_xClassification -- Books -- Art.
_6S29498.1
650 0 _aClassification, Library of Congress.
_6S5714.1
710 2 _aLibrary of Congress. Classification Division. Classification. Class N: fine arts.
_bLibrary of Congress. Classification Division. Classification. Class N: fine arts.
_tLibrary of Congress. Classification Division. Classification. Class N: fine arts.
_pLibrary of Congress. Classification Division. Classification. Class N: fine arts.
_6A55156.1
949 _aZ696.U5N
_wlcc
_i-136492
_mMAIN
_p300
_tBOOK
_lON-SHELF
949 _aZ696.U5N
_wlcc
_i-136493
_mMAIN
_p300
_tBOOK
_lON-SHELF
004 96487
999 _c138043
_d138043